00898nam a2200253 i 4500001000300000110004200003245010700045260005200152300002800204610004600232650005000278650005500328710004300383022001400426040000800440041000800448044000800456080001000464080001200474080001000486080000900496008004100505856009800546bg1 aPolska.bKomisja Nadzoru Finansowego. aSprawozdanie z działalności Komisji Nadzoru Finansowego w 2009 roku /cKomisja Nadzoru Finansowego. aWarszawa :bKomisja Nadzoru Finansowego,c2010. a198 s. :bil. ;c30 cm.29aKomisja Nadzoru Finansowegovsprawozdania 9aRynki finansowexkontrolazPolskayod 2001 r. 9aBudżet państwowyxkontrolazPolskayod 2001 r.2 aKomisja Nadzoru Finansowego (Warszawa) a1899-8046 cBPK0 apol aPOL a336.7 a005.584 a(438) a(06)130116s pl a f |000 0 pol  uhttp://koha.tu.koszalin.pl/cgi-bin/koha/opac-detail.pl?biblionumber=53869yKatalog online BPK